000
00342nam a2200157Ia 4500
100
_a
Chase/ Aquilano/ Jacobs
250
_a
8
942
_c
BK
654
_a
Operation
245
_a
Production & Operation Management
260
_b
Tata Mc Graw hill
_c
1998
082
_a
658.5
_b
CHA/AQU
300
_a
889
546
_a
ENGLISH
999
_c
20847
_d
20847